000
00335 a2200157 4500
001
194289
020
_a
851610595-2
040
_c
Magnum
100
_a
Nicola, José de
240
1
0
_a
Alfabetário
_l
por
245
1
0
_a
Alfabetário
300
_a
37
362
0
_a
2017
697
_a
LÍNGUA - LINGÜÍSTICA - LITERATURA
942
_c
BK
999
_c
194289
_d
194289